Secret Country II Quiz Stats

 Plays Quiz Updated Jul 2, 2018

Also try: Secret Country
Challenge
Share
Tweet
Score 0/197 Timer 01:00
46 Plays Today
% Correct
Russia
81.5%
Italy
77.5%
United Kingdom
72.8%
Greece
69.9%
Germany
67.9%
Turkey
67.8%
France
67.2%
United States of America
64.7%
Poland
63.2%
Spain
62%
Romania
61.7%
Ukraine
61.5%
China
60.7%
Hungary
58.9%
Croatia
58.5%
Egypt
58%
Austria
57.5%
Bulgaria
57.3%
Serbia
57.3%
Brazil
55.6%
Belarus
55.3%
Slovakia
55%
Czechia
55%
Sweden
54.4%
Albania
54.4%
Canada
54.3%
India
54.3%
Norway
54%
Slovenia
53.7%
Macedonia
53.6%
Australia
53.6%
Kosovo
53.2%
Iran
52.8%
Latvia
52.8%
Estonia
52.7%
South Africa
51.9%
Saudi Arabia
51.9%
Finland
51.8%
Iceland
51.3%
Lithuania
51.3%
Switzerland
51.2%
Montenegro
50.9%
Israel
50.6%
Bosnia and Herzegovina
50.3%
Iraq
50.1%
Chad
50%
Mexico
49.9%
Morocco
49.9%
Cyprus
49.8%
Algeria
49.7%
Libya
49.5%
Denmark
49.4%
Portugal
49.3%
Ireland
49.1%
Malta
48.6%
Georgia
48.5%
Syria
48.3%
Belgium
48.1%
Sudan
48.1%
Vatican City
48%
Niger
47.9%
Jordan
47.5%
Armenia
47.3%
Japan
47.2%
Monaco
47.2%
San Marino
47.2%
% Correct
Luxembourg
47.1%
Yemen
46.9%
Netherlands
46.8%
Mali
46.8%
Andorra
46.8%
Oman
46.8%
United Arab Emirates
46.7%
Chile
46.6%
Lebanon
46.6%
Argentina
46.6%
Tunisia
46.6%
Democratic Republic of the Congo
46.4%
Liechtenstein
46.4%
Kenya
46.3%
Panama
46.3%
Ghana
46.2%
New Zealand
46.1%
Azerbaijan
46%
Peru
46%
Mongolia
46%
Cuba
45.8%
Palestine
45.8%
Somalia
45.7%
Kazakhstan
45.7%
Pakistan
45.7%
Republic of the Congo
45.7%
Ethiopia
45.7%
Afghanistan
45.6%
Indonesia
45.5%
Angola
45.5%
Bolivia
45.5%
Central African Republic
45.5%
Honduras
45.4%
Nigeria
45.4%
Madagascar
45.4%
Belize
45.4%
Qatar
45.3%
Togo
45.3%
Fiji
45.3%
Costa Rica
45.3%
Guatemala
45.3%
Kuwait
45.3%
Colombia
45.3%
Nicaragua
45.2%
Uzbekistan
45.2%
Senegal
45.2%
Uruguay
45.1%
Cote d'Ivoire
45.1%
Djibouti
45.1%
Paraguay
45%
Ecuador
45%
Vietnam
45%
Uganda
45%
Venezuela
45%
Jamaica
45%
Lesotho
45%
Liberia
45%
El Salvador
45%
Benin
45%
Rwanda
45%
Turkmenistan
45%
Thailand
45%
Laos
44.9%
Gabon
44.9%
Haiti
44.9%
Nepal
44.9%
% Correct
Barbados
44.9%
Maldives
44.9%
Philippines
44.9%
Cameroon
44.9%
Kyrgyzstan
44.8%
Samoa
44.9%
Tonga
44.9%
Papua New Guinea
44.8%
Zimbabwe
44.8%
Bahrain
44.8%
The Gambia
44.8%
Eritrea
44.8%
Malaysia
44.8%
Micronesia
44.8%
Sierra Leone
44.8%
Guinea
44.8%
Tuvalu
44.8%
Kiribati
44.8%
Vanuatu
44.8%
Nauru
44.8%
Palau
44.8%
Tanzania
44.8%
Zambia
44.8%
Namibia
44.8%
South Sudan
44.8%
Botswana
44.8%
Singapore
44.7%
The Bahamas
44.7%
Mauritania
44.7%
South Korea
44.7%
Guyana
44.7%
Marshall Islands
44.7%
Solomon Islands
44.7%
Suriname
44.7%
Dominica
44.7%
Mozambique
44.7%
Sri Lanka
44.7%
North Korea
44.7%
Malawi
44.7%
Tajikistan
44.7%
Timor-Leste
44.6%
Bhutan
44.6%
Brunei
44.6%
Burkina Faso
44.6%
Cambodia
44.6%
Seychelles
44.6%
Cabo Verde
44.6%
eSwatini
44.6%
Myanmar
44.6%
Taiwan
44.6%
Burundi
44.6%
Grenada
44.6%
Saint Kitts and Nevis
44.6%
Trinidad and Tobago
44.6%
Bangladesh
44.6%
Comoros
44.6%
Saint Lucia
44.6%
Antigua and Barbuda
44.5%
Dominican Republic
44.5%
Mauritius
44.5%
Saint Vincent and the Grenadines
44.5%
Sao Tome and Principe
44.5%
Equatorial Guinea
44.5%
Guinea-Bissau
44.5%
Moldova
44.4%

You're not logged in!

Compare scores with friends on all Sporcle quizzes.
OR
Log In

You Might Also Like...

Show Comments

Extras

Top Quizzes Today


Score Distribution

Your Account Isn't Verified!

In order to create a playlist on Sporcle, you need to verify the email address you used during registration. Go to your Sporcle Settings to finish the process.

Report this User

Report this user for behavior that violates our Community Guidelines.

Details: